000 00809cam a2200241 a 4500
001 4496997
005 20180119033440.0
008 970514s1997 paua d 000 0 eng
010 _a 97151513
020 _a0721662781
040 _aDLC
_cDLC
_dDLC
041 _aeng
080 _a610.3 fra
082 0 0 _a610.3 fra
_221
100 1 _a23
101 _aenc
240 1 0 _aEncyclopedia & dictionary of medicine, nursing & allied health
245 1 0 _aMiller-Keane Encyclopedia & dictionary of medicine, nursing & allied health.
246 3 _aEncyclopedia and dictionary of medicine, nursing, and allied health
906 _a7
_bcbc
_corignew
_d2
_encip
_f19
_gy-gencatlg
942 _2ddc
_cBK
999 _c40520
_d40520